|
|
|
|
| LEADER |
01715nam a2200385 i 4500 |
| 001 |
EBC6702007 |
| 003 |
MiAaPQ |
| 005 |
20220430064734.0 |
| 006 |
m o d | |
| 007 |
cr cnu|||||||| |
| 008 |
220430s2021 gw o 000 0 eng d |
| 020 |
|
|
|z 9783110740073
|q (print)
|
| 020 |
|
|
|a 9783110740172
|q (electronic bk.)
|
| 035 |
|
|
|a (MiAaPQ)EBC6702007
|
| 035 |
|
|
|a (Au-PeEL)EBL6702007
|
| 035 |
|
|
|a (OCoLC)1264474587
|
| 040 |
|
|
|a MiAaPQ
|b eng
|e rda
|e pn
|c MiAaPQ
|d MiAaPQ
|
| 050 |
|
4 |
|a QD901
|b .T846 2021
|
| 082 |
0 |
|
|a 548
|2 23
|
| 245 |
0 |
0 |
|a 29th Annual Conference of the German Crystallographic Society, March 15-18, 2021, Hamburg, Germany.
|
| 246 |
3 |
|
|a Twenty-ninth Annual Conference of the German Crystallographic Society, March 15-18, 2021, Hamburg, Germany
|
| 264 |
|
1 |
|a Berlin ;
|a Boston, MA :
|b Walter de Gruyter GmbH,
|c [2021]
|
| 264 |
|
4 |
|c Ã2021
|
| 300 |
|
|
|a 1 online resource (196 pages)
|
| 336 |
|
|
|a text
|b txt
|2 rdacontent
|
| 337 |
|
|
|a computer
|b c
|2 rdamedia
|
| 338 |
|
|
|a online resource
|b cr
|2 rdacarrier
|
| 588 |
|
|
|a Description based on print version record.
|
| 590 |
|
|
|a Electronic reproduction. Ann Arbor, MI : ProQuest, 2018. Available via World Wide Web. Access may be limited to ProQuest affiliated libraries.
|
| 650 |
|
0 |
|a Crystallography
|v Congresses.
|
| 650 |
|
0 |
|a Crystallography
|x Data processing.
|
| 655 |
|
4 |
|a Electronic books.
|
| 776 |
0 |
8 |
|i Print version:
|t 29th Annual Conference of the German Crystallographic Society, March 15-18, 2021, Hamburg, Germany.
|d Berlin ; Boston, MA : Walter de Gruyter GmbH, c2021
|h 196 pages
|z 9783110740073
|
| 797 |
2 |
|
|a ProQuest (Firm)
|
| 856 |
4 |
0 |
|u https://ebookcentral.proquest.com/lib/matrademy/detail.action?docID=6702007
|z Click to View
|